[Event "FSGMB April"]
[Site "Budapest HUN"]
[Date "2002.04.12"]
[Round "11"]
[White "Anagnostopoulos,D"]
[Black "Pilgaard,K"]
[Result "1/2-1/2"]
[WhiteElo "2453"]
[BlackElo "2426"]

1.e4 e5 2.Nf3 Nc6 3.Bb5 a6 4.Ba4 Nf6 5.O-O Be7 6.Re1 b5 7.Bb3 d6 8.c3 O-O
9.h3 Bb7 10.d4 Re8 11.Nbd2 Bf8 12.Bc2 g6 13.d5 Nb8 14.b3 c6 15.c4 c5 16.a4 b4
17.Nf1 Nh5 18.Ne3 Bh6 19.g3 Bc8 20.Kg2 Ra7 21.Nh2 Nd7 22.Bd3 Ndf6 23.Nhg4 Bg7
24.Ra2 Qd7 25.Rh1 Kf8 26.Nxf6 Nxf6 27.Nf1 Ke7 28.g4 h5 29.f3 Kd8 30.g5 Ng8
31.h4 Qe7 32.Kg1 Rf8 33.Rg2 Bd7 34.Ng3  1/2-1/2

[Event "ch-PHI"]
[Site "Makati PHI"]
[Date "2002.04.30"]
[Round "6"]
[White "Gomez,Joh"]
[Black "Ranola,Y"]
[Result "1/2-1/2"]
[WhiteElo "2314"]
[BlackElo "2422"]

1.e4 e5 2.Nf3 Nc6 3.Bb5 a6 4.Ba4 Nf6 5.O-O Be7 6.Re1 b5 7.Bb3 d6 8.c3 O-O
9.h3 Bb7 10.d4 Re8 11.Ng5 Rf8 12.Nf3 Re8 13.Ng5 Rf8 14.Nf3 Re8 15.Nbd2  1/2-1/2

[Event "ch-PHI"]
[Site "Makati PHI"]
[Date "2002.04.30"]
[Round "7"]
[White "Garma,C"]
[Black "Roca,P"]
[Result "1/2-1/2"]
[WhiteElo "2404"]
[BlackElo "2394"]

1.e4 e5 2.Nf3 Nc6 3.Bb5 a6 4.Ba4 Nf6 5.O-O b5 6.Bb3 Be7 7.Re1 d6 8.h3 O-O
9.c3 Bb7 10.d4 Nd7 11.Nbd2 Na5 12.Bc2 c5 13.Nf1 Re8 14.Ng3 cxd4 15.cxd4 g6  1/2-1/2

[Event "Capablanca Mem Elite"]
[Site "Havana CUB"]
[Date "2002.05.11"]
[Round "5"]
[White "Dominguez,L"]
[Black "Morovic Fernandez,I"]
[Result "1/2-1/2"]
[WhiteElo "2601"]
[BlackElo "2556"]

1.e4 e5 2.Nf3 Nc6 3.Bb5 a6 4.Ba4 Nf6 5.O-O Be7 6.Re1 b5 7.Bb3 d6 8.c3 O-O
9.h3 Bb7 10.d4 Re8 11.Nbd2 Bf8 12.d5 Ne7 13.Nf1 h6 14.N3h2 c6 15.Ng4 Nxg4
16.hxg4 cxd5 17.exd5 Qd7 18.Ng3 a5 19.a3 a4 20.Ba2 Rac8 21.Ne4 Rc4 22.Bxc4 bxc4
23.Bxh6 Nxd5 24.Bd2 Nc7 25.Ng3 Qc6 26.f3 Ne6 27.Qe2 Nc5  1/2-1/2

[Event "Capablanca Mem Elite"]
[Site "Havana CUB"]
[Date "2002.05.14"]
[Round "7"]
[White "Bruzon,L"]
[Black "Morovic Fernandez,I"]
[Result "1-0"]
[WhiteElo "2569"]
[BlackElo "2556"]

1.e4 e5 2.Nf3 Nc6 3.Bb5 a6 4.Ba4 Nf6 5.O-O Be7 6.Re1 b5 7.Bb3 d6 8.c3 O-O
9.h3 Bb7 10.d4 Re8 11.Nbd2 Bf8 12.a3 Qd7 13.Ba2 Rad8 14.d5 Ne7 15.c4 c6 16.b3 a5
17.Nf1 a4 18.dxc6 Bxc6 19.cxb5 Bxb5 20.Bg5 Bxf1 21.Kxf1 Qb7 22.Nd2 d5 23.Bxf6 gxf6
24.b4 Bh6 25.Qg4+ Kh8 26.Rad1 Rg8 27.Qh5 Bxd2 28.Rxd2 Ng6 29.Bxd5 Qb5+ 30.Qe2 Qd7
31.Qa6 Nf4 32.Qxf6+ Rg7 33.f3 Qc7 34.Red1 Rg8 35.Ba2 Nh5 36.Qh4 Ng3+ 37.Kg1 Qb6+
38.Kh2 Qe3 39.Rc2 Ne2 40.Kh1 Ng3+ 41.Kh2 Ne2 42.Kh1 Ng3+ 43.Kh2 Ne2 44.Kh1 Rxg2
45.Qf6+ R2g7 46.Bxf7 Qf2  1-0

[Event "Guillermo Garcia TORRE"]
[Site "Santa Clara CUB"]
[Date "2002.05.24"]
[Round "6"]
[White "Abreu,A"]
[Black "Vazquez,R"]
[Result "1/2-1/2"]
[WhiteElo "2480"]
[BlackElo "2442"]

1.e4 e5 2.Nf3 Nc6 3.Bb5 a6 4.Ba4 Nf6 5.O-O Be7 6.Re1 b5 7.Bb3 d6 8.c3 O-O
9.h3 Bb7 10.d4 Re8 11.Nbd2 Bf8 12.d5 Nb8 13.Nf1 Nbd7 14.Ng3 g6 15.Be3 Nc5
16.Bc2 c6 17.b4 Ncd7 18.dxc6 Bxc6 19.Bb3 Nb6 20.Qd3 Rb8 21.Rad1 Rb7 22.Nh2 Bd7
23.f4 exf4 24.Bxf4 Be6 25.Nf3 Nc4 26.Qd4 Bg7 27.Qf2 Nd7 28.Nd4 Nde5 29.Nf1 Qe7
30.Bg3 Bh6 31.a4  1/2-1/2

[Event "TCh-BIH"]
[Site "Neum BIH"]
[Date "2002.06.02"]
[Round "1"]
[White "Shirov,A"]
[Black "Lekic,D"]
[Result "1-0"]
[WhiteElo "2704"]
[BlackElo "2410"]

1.e4 e5 2.Nf3 Nc6 3.Bb5 a6 4.Ba4 Nf6 5.O-O Be7 6.Re1 b5 7.Bb3 d6 8.c3 O-O
9.h3 Bb7 10.d4 Re8 11.Nbd2 Bf8 12.a4 h6 13.Bc2 exd4 14.cxd4 Nb4 15.Bb1 c5
16.d5 Nd7 17.Ra3 c4 18.axb5 axb5 19.Nd4 Ne5 20.Rxa8 Qxa8 21.Nxb5 Rc8 22.Nf3 Ned3
23.Rf1 Qa1 24.Bd2 Qxb2 25.Bc3 Qb3 26.Qd2 Qa4 27.Nfd4 Ba6 28.Bxd3 Nxd3 29.Ra1 Bxb5
30.Rxa4 Bxa4 31.Kh2 Nc5 32.f3 g6 33.Ne2 Nd3 34.Qe3 Bg7 35.Bxg7 Kxg7 36.Qb6  1-0

[Event "Open"]
[Site "Lido Estensi ITA"]
[Date "2002.06.14"]
[Round "7"]
[White "Jaracz,P"]
[Black "Dervishi,E"]
[Result "0-1"]
[WhiteElo "2506"]
[BlackElo "2523"]

1.e4 e5 2.Nf3 Nc6 3.Bb5 a6 4.Ba4 Nf6 5.O-O Be7 6.Re1 b5 7.Bb3 d6 8.c3 O-O
9.h3 Bb7 10.d4 Re8 11.Nbd2 Bf8 12.a4 h6 13.Bc2 exd4 14.cxd4 Nb4 15.Bb1 c5
16.d5 Nd7 17.Ra3 f5 18.Nh2 Nf6 19.Rg3 Kh8 20.b3 bxa4 21.bxa4 c4 22.Bb2 Rc8
23.Bd4 a5 24.exf5 Rxe1+ 25.Qxe1 Bxd5 26.Ndf1 Bf7 27.Qc1 Nc6 28.Bxf6 Qxf6
29.Ng4 Qa1 30.Ra3 Qd4 31.f6 Rb8 32.fxg7+ Qxg7 33.Rg3 Nd4 34.Qd1 Rxb1 35.Qxb1 Ne2+
36.Kh2 Bg6 37.Qb5 Nxg3 38.Nxg3 c3 39.Nf5 Qc7 40.Nh4 d5+ 41.g3 Bf7 42.Qd3 Bg7
43.Qf5 Qe7 44.Qf4 Kh7 45.Qf3 Qe6 46.Ne3 d4 47.Neg2 Qd5 48.Qd3+ Kg8 49.Nf5 Qc5
50.Qe4 c2 51.Qg4 Qxf5 52.Qxf5 c1=Q 53.Qxa5 Qc2 54.Qa8+ Kh7 55.Qf3 Bg6 56.a5 Be4
57.Qf4 Bc6 58.f3 Bb5 59.Kg1 Bd3 60.Qd6 Qd1+ 61.Kh2 Qxf3 62.Qa3 Qe2 63.Qa1 Be4
64.Qg1 d3 65.a6 d2  0-1

[Event "FSGM July"]
[Site "Budapest HUN"]
[Date "2002.07.10"]
[Round "5"]
[White "Seres,L"]
[Black "Lukacs,P"]
[Result "1-0"]
[WhiteElo "2462"]
[BlackElo "2444"]

1.e4 e5 2.Nf3 Nc6 3.Bb5 a6 4.Ba4 Nf6 5.O-O Be7 6.Re1 b5 7.Bb3 d6 8.c3 O-O
9.h3 Bb7 10.d4 Re8 11.Nbd2 Bf8 12.a3 h6 13.Bc2 Nb8 14.b4 Nbd7 15.Bb2 c5 16.d5 c4
17.a4 Nh5 18.g3 g6 19.Nf1 Bg7 20.Bc1 Rb8 21.N1h2 Kh7 22.Be3 Bc8 23.Qd2 Nhf6
24.Kg2 Ng8 25.Rh1 Rf8 26.g4 Ne7 27.Nf1 Bb7 28.axb5 axb5 29.Ng3 f5 30.exf5 gxf5
31.Nxf5 Nxf5 32.Ra7 Kh8 33.Bxf5 Rxf5 34.gxf5 Qf6 35.Rg1 Qxf5 36.Bxh6 Bf6
37.Bg5 Bg7 38.Nh4 Qf7 39.f3 Nb6 40.Rd1 Ra8 41.Ng6+ Qxg6 42.Rxb7 Nxd5 43.Qxd5 Qxg5+
44.Kh1 Rf8 45.Rg1  1-0

[Event "Open Championships"]
[Site "Paris FRA"]
[Date "2002.07.10"]
[Round "5"]
[White "Apicella,M"]
[Black "Daurelle,H"]
[Result "1-0"]
[WhiteElo "2510"]
[BlackElo "2217"]

1.e4 e5 2.Nf3 Nc6 3.Bb5 a6 4.Ba4 Nf6 5.O-O Be7 6.Re1 b5 7.Bb3 d6 8.c3 O-O
9.h3 Bb7 10.d4 Re8 11.Nbd2 Bf8 12.d5 Nb8 13.Nf1 Nbd7 14.N3h2 Nc5 15.Bc2 c6
16.b4 Ncd7 17.dxc6 Bxc6 18.Ng4 Nxg4 19.hxg4 Nb6 20.Qd3 Bd7 21.Ne3 Be6 22.a4 Qd7
23.Nd5 Bxd5 24.exd5 g6 25.a5 e4 26.Qg3 Nxd5 27.Bb2 e3 28.fxe3 Bg7 29.Bb3 Nxb4
30.Rf1 d5 31.Rad1 Qa7 32.Rd4 Bxd4 33.exd4 Re2 34.Ba3 Nc2 35.Bxd5 Nxd4 36.Bxf7+ Kg7
37.cxd4 Qxd4+ 38.Kh1 b4 39.Qf3 bxa3 40.Qxe2 Rf8 41.Qe7 Qd8 42.Qe5+ Kh6 43.Rf3  1-0

[Event "XVIII Open"]
[Site "Ferrol ESP"]
[Date "2002.07.20"]
[Round "4"]
[White "Korneev,O"]
[Black "Vazquez,R"]
[Result "1-0"]
[WhiteElo "2583"]
[BlackElo "2406"]

1.e4 e5 2.Nf3 Nc6 3.Bb5 a6 4.Ba4 Nf6 5.O-O Be7 6.Re1 b5 7.Bb3 d6 8.c3 O-O
9.h3 Bb7 10.d4 Re8 11.Nbd2 Bf8 12.d5 Nb8 13.Nf1 Nbd7 14.N3h2 Nc5 15.Bc2 c6
16.dxc6 Bxc6 17.Bg5 h6 18.Bxf6 Qxf6 19.Ng4 Qd8 20.Ng3 g6 21.Ne3 h5 22.Nd5 Bh6
23.Bb3 Nxb3 24.axb3 Kg7 25.Qd3 Re6 26.b4 Qb8 27.b3 Qb7 28.c4 Ree8 29.c5 Rad8
30.Red1 h4 31.Ne2 Bg5 32.Nec3 f5 33.f3 dxc5 34.bxc5 b4 35.Na4 fxe4 36.fxe4 Bxd5
37.exd5 e4 38.Qc4 Qb5 39.c6 e3 40.c7 e2 41.Re1 Rc8 42.d6 Be3+ 43.Kh1 Bf2
44.Qxb5 axb5 45.Nc5  1-0

[Event "Wismilak It"]
[Site "Surabaya IND"]
[Date "2002.07.26"]
[Round "6"]
[White "Megaranto,S"]
[Black "Irwanto,S"]
[Result "0-1"]
[WhiteElo "2364"]
[BlackElo "2362"]

1.e4 e5 2.Nf3 Nc6 3.Bb5 a6 4.Ba4 Nf6 5.O-O Be7 6.Re1 b5 7.Bb3 d6 8.c3 O-O
9.h3 Bb7 10.d4 Re8 11.Ng5 Rf8 12.Nf3 Re8 13.Nbd2 Bf8 14.Qc2 h6 15.a4 exd4
16.cxd4 Nb4 17.Qd1 c5 18.d5 Nd7 19.Nf1 f5 20.exf5 Nf6 21.Ne3 Nbxd5 22.Ba2 c4
23.Nd4 Qd7 24.Bd2 Nxe3 25.Bxe3 Bd5 26.Rc1 Rac8 27.axb5 axb5 28.Bb1 Qb7 29.f3 Re5
30.Qd2 Rce8 31.Bf2 Bf7 32.Ne2 Qd5 33.Nd4 Qb7 34.h4 b4 35.g4 Bd5 36.Qf4 Rxe1+
37.Rxe1 Rxe1+ 38.Bxe1 Nd7 39.f6 Ne5 40.g5 Qa7 41.fxg7 Bxg7 42.Bf2 Qf7 43.Bf5 hxg5
44.hxg5 Ng6 45.Qg4 c3 46.bxc3 bxc3 47.f4 Nf8 48.Bc2 Qa7 49.Qd1 Qf7 50.Nf5 Be6
51.Nxg7 Kxg7 52.Qxd6 Qh5 53.Qe5+ Kg8 54.Bd4 Qg4+ 55.Kf2 Qh4+ 56.Kf3 Qh1+
57.Kf2 Qh2+ 58.Ke1 Qd2+ 59.Kf1 Bh3+ 60.Kg1 Qg2+  0-1

[Event "It"]
[Site "Las Tunas CUB"]
[Date "2002.07.29"]
[Round "4"]
[White "Gongora,L"]
[Black "Perez,I"]
[Result "1-0"]
[WhiteElo "2177"]
[BlackElo "2264"]

1.e4 e5 2.Nf3 Nc6 3.Bb5 a6 4.Ba4 Nf6 5.O-O Be7 6.Re1 b5 7.Bb3 d6 8.c3 O-O
9.h3 Bb7 10.d4 Re8 11.Nbd2 Bf8 12.d5 Nb8 13.Nf1 Nbd7 14.N3h2 Nc5 15.Bc2 c6
16.b4 Ncd7 17.dxc6 Bxc6 18.Bg5 Qc7 19.Ng3 g6 20.Bb3 h6 21.Bxf6 Nxf6 22.Ng4 Bg7
23.Qf3 Nxg4 24.hxg4 Rad8 25.Rad1 Qe7 26.Nf1 Qf6 27.Qe2 Rd7 28.Bd5 Bxd5 29.Rxd5 Rc8
30.Rd3 Qe6 31.Ne3 Bf6 32.Nd5 Bd8 33.a4 Rb7 34.Ra1 Bb6 35.Rh3 g5 36.g3 Kg7
37.Kg2 Rbb8 38.Rhh1 Rc4 39.Qf3 Qg6 40.axb5 axb5 41.Ra6 Bd8 42.Ne3 Qxe4 43.Nxc4 Qxf3+
44.Kxf3 bxc4 45.Rxd6 Bf6 46.Ke4 Ra8 47.b5 Ra2 48.Rb1 Rxf2 49.b6 Be7 50.Rc6 Re2+
51.Kd5 Rd2+ 52.Kxc4  1-0

[Event "Lost Boys Open"]
[Site "Amsterdam NED"]
[Date "2002.08.01"]
[Round "7"]
[White "Nijboer,F"]
[Black "Solleveld,Maa"]
[Result "1-0"]
[WhiteElo "2567"]
[BlackElo "2451"]

1.e4 e5 2.Nf3 Nc6 3.Bb5 a6 4.Ba4 Nf6 5.O-O Be7 6.Re1 b5 7.Bb3 d6 8.c3 O-O
9.h3 Bb7 10.d4 Re8 11.Nbd2 Bf8 12.a4 h6 13.Bc2 exd4 14.cxd4 Nb4 15.Bb1 c5
16.d5 Nd7 17.Ra3 f5 18.Nh2 Nf6 19.Rf3 Re5 20.Rxf5 Rxf5 21.exf5 Bxd5 22.Ng4 Bf7
23.Ne4 Nxg4 24.Qxg4 d5 25.f6 h5 26.Qf5 Qc8 27.Qg5 dxe4 28.fxg7 Bxg7 29.Bxe4 Nc6
30.Bf4 bxa4 31.Re3 Nd4 32.Be5 Ne6 33.Qf5 Nf8 34.Rg3 Bg6 35.Rxg6 Nxg6 36.Qxg6 Ra7
37.Bd5+  1-0

[Event "6th Open"]
[Site "Genova ITA"]
[Date "2002.08.03"]
[Round "1"]
[White "Sautto,D"]
[Black "Dervishi,E"]
[Result "0-1"]
[WhiteElo "2097"]
[BlackElo "2523"]

1.e4 e5 2.Nf3 Nc6 3.Bb5 a6 4.Ba4 Nf6 5.O-O Be7 6.Re1 b5 7.Bb3 d6 8.c3 O-O
9.h3 Bb7 10.d4 Re8 11.Ng5 Rf8 12.Nf3 Nd7 13.Nbd2 Bf6 14.Nf1 Re8 15.N1h2 Na5
16.Bc2 exd4 17.cxd4 c5 18.Ng4 cxd4 19.Nxd4 Bxd4 20.Qxd4 Rc8 21.Ne3 Nf6 22.f3 d5
23.exd5 Bxd5 24.Bf5 Nc6 25.Qh4 Be6 26.Rd1 Qb6 27.Kh1 Rcd8 28.Rf1 Nd4 29.Bxe6 Rxe6
30.Ng4 Nf5 31.Nxf6+ Rxf6 32.Qg4 h5 33.Qg5 h4 34.Bf4 Rd5 35.Kh2 Rg6 36.Qh5 Qd4  0-1

[Event "ch-AUT"]
[Site "Oberpullendorf AUT"]
[Date "2002.08.12"]
[Round "3"]
[White "Halser,W"]
[Black "Zoebisch,H"]
[Result "0-1"]
[WhiteElo "2158"]
[BlackElo "2240"]

1.e4 e5 2.Nf3 Nc6 3.Bb5 a6 4.Ba4 Nf6 5.O-O Be7 6.Re1 b5 7.Bb3 d6 8.c3 O-O
9.h3 Bb7 10.d3 Na5 11.Bc2 c5 12.Nbd2 Re8 13.Nf1 Bf8 14.Ne3 h6 15.Nf5 Nc6
16.Bd2 Ne7 17.N3h4 Nxf5 18.Nxf5 d5 19.Qc1 dxe4 20.dxe4 Bc8 21.Nxh6+ gxh6
22.Bxh6 Bxh6 23.Qxh6 Nh7 24.Re3 Qf6 25.Rg3+ Kh8 26.Qe3 c4 27.Rf3 Qe7 28.a4 Be6
29.axb5 axb5 30.Rxa8 Rxa8 31.Qb6 Qd7 32.Kh2 Rg8 33.Qc5 f6 34.Qe3 Rd8 35.Qb6 Kg7
36.Re3 Nf8 37.Re1 Qe8 38.Ra1 Kg8 39.Bd1 Rb8 40.Qa7 Rd8 41.Qe3 Qg6 42.Bf3 Nd7
43.Ra6 Nf8 44.Qb6 Qe8 45.Ra7 Rc8 46.Qb7 Qd7 47.Qb6 Qc6 48.Qa5 Qc5 49.Rb7 Qxf2
50.Qxb5 Qc5 51.Qa6 Rd8 52.Rb6 Bc8 53.Rc6 Bxa6 54.Rxc5 Rc8 55.Ra5 Rc6 56.Be2 Bc8
57.Ra7 Be6 58.Rb7 Nd7 59.Rb4 Kf8 60.Ra4 Rc7 61.h4 Nc5 62.Ra8+ Kg7 63.Bf3 Rb7
64.Ra5 Nd3 65.Ra6 Bf7 66.h5 Nxb2 67.Bg4 Nd3 68.Kg3 Nc5 69.h6+ Kxh6 70.Rc6 Nxe4+
71.Kh4 Kg7 72.Bf3 Bd5 73.Rc8 Nxc3  0-1

[Event "22nd Open"]
[Site "Bratto ITA"]
[Date "2002.08.23"]
[Round "4"]
[White "Bellia,F"]
[Black "Dervishi,E"]
[Result "1/2-1/2"]
[WhiteElo "2412"]
[BlackElo "2523"]

1.e4 e5 2.Nf3 Nc6 3.Bb5 a6 4.Ba4 Nf6 5.O-O Be7 6.Re1 b5 7.Bb3 d6 8.c3 O-O
9.h3 Bb7 10.d4 Re8 11.Nbd2 Bf8 12.a4 h6 13.Bc2 exd4 14.cxd4 Nb4 15.Bb1 c5
16.d5 Nd7 17.Ra3 f5 18.exf5 Nf6 19.Ne4 Nbxd5 20.Nxf6+ Nxf6 21.Re6 d5 22.Nh2 c4
23.Rg3 Ne4 24.Rxe8 Qxe8 25.Bxe4 Qxe4 26.Bxh6 Qxf5 27.Qd4 Qb1+ 28.Nf1 Qh7
29.Qb6 Re8 30.Qxb7 Qxh6 31.axb5 d4 32.bxa6 Re1 33.Qd5+ Qe6 34.Qxe6+ Rxe6
35.Rg4 Bc5 36.Nd2 c3 37.bxc3 dxc3 38.Nb3 Re1+ 39.Kh2 Bxf2 40.Rc4 Bg1+ 41.Kh1 Rb1
42.Na5 Ba7+ 43.Kh2 Bb8+ 44.g3 Rb2+ 45.Kh1 c2 46.Nc6 Rb1+ 47.Kg2 c1=Q 48.Rxc1 Rxc1
49.Nxb8 Rc7 50.Kf3 Kf7 51.Ke4 Ke6 52.a7 Rxa7 53.Nc6 Ra1 54.Nd4+ Kf6 55.Kf4 g5+
56.Ke4 Re1+ 57.Kf3 Ke5 58.Nc6+ Kd5 59.Nb4+ Kc4 60.Nc2 Re5 61.h4 gxh4 62.gxh4 Kd3
63.Nb4+ Kc3 64.Na2+ Kd2 65.Nb4 Rc5 66.Kf4 Ke2  1/2-1/2

[Event "7th WUCC Women"]
[Site "Ulaanbaatar MON"]
[Date "2002.09.13"]
[Round "3"]
[White "Moshina,C"]
[Black "Li Ruofan"]
[Result "0-1"]
[WhiteElo "2271"]
[BlackElo "2327"]

1.e4 e5 2.Nf3 Nc6 3.Bb5 a6 4.Ba4 Nf6 5.O-O Be7 6.Re1 b5 7.Bb3 d6 8.c3 O-O
9.h3 Bb7 10.d4 Re8 11.Nbd2 Bf8 12.a3 g6 13.Ba2 Bg7 14.Qc2 Nb8 15.dxe5 dxe5
16.Nf1 Nbd7 17.Bg5 h6 18.Bh4 c5 19.c4 Qb6 20.Rad1 Rac8 21.N3d2 Nf8 22.Ne3 Ne6
23.Bxf6 Nd4 24.Qd3 Bxf6 25.Nd5 Bxd5 26.exd5 Bg7 27.Nf3 Nxf3+ 28.Qxf3 Qd6
29.g4 Rf8 30.Qe2 Rb8 31.Rd2 f5 32.gxf5 gxf5 33.f3 e4 34.fxe4 Rbe8 35.Bb1 fxe4
36.Qg2 Kh8 37.Kh1 Bd4 38.Bxe4 Rg8 39.Qh2 Qf6 40.Rg2 Qh4 41.Ree2 Rgf8 42.Bf3 Rxe2
43.Rxe2 Rxf3 44.Re8+ Kg7 45.Qg2+ Rg3 46.Re4 Qg5  0-1

[Event "Autumn III"]
[Site "Alushta UKR"]
[Date "2002.09.28"]
[Round "2"]
[White "Yagupov,I"]
[Black "Pisakov,I"]
[Result "0-1"]
[WhiteElo "2460"]
[BlackElo "2260"]

1.e4 e5 2.Nf3 Nc6 3.Bb5 a6 4.Ba4 Nf6 5.O-O Be7 6.Re1 b5 7.Bb3 d6 8.c3 O-O
9.h3 Bb7 10.d4 Re8 11.Ng5 Rf8 12.Nf3 Re8 13.Nbd2 Bf8 14.a3 g6 15.Ba2 Bg7
16.d5 Ne7 17.b4 a5 18.Nb3 axb4 19.cxb4 Nxe4 20.Rxe4 Bxd5 21.Re1 e4 22.Nfd4 c5
23.Nc2 Bxa1 24.Ncxa1 cxb4 25.Bb2 bxa3 26.Bf6 Qd7 27.Nc2 Qb7 28.Qd2 Bc4 29.Ne3 d5
30.Ba1 Nc6 31.Nxd5 Bxd5 32.Qxd5 Rad8 33.Qg5 Rd6 34.Nc5 Qe7 35.Qh6 Qf8 36.Qf4 Nb4
37.Rxe4 Rd1+ 38.Kh2 Rxa1 39.Nd7 Rxe4 40.Nf6+ Kh8 41.Nxe4 Rxa2 42.Qe5+ f6
43.Nxf6 Nc6 44.Qc3 Qd6+  0-1

[Event "FIDE World Cup Gp A"]
[Site "Hyderabad IND"]
[Date "2002.10.10"]
[Round "1"]
[White "Malakhov,V"]
[Black "Vescovi,G"]
[Result "0-1"]
[WhiteElo "2670"]
[BlackElo "2614"]

1.e4 e5 2.Nf3 Nc6 3.Bb5 a6 4.Ba4 Nf6 5.O-O Be7 6.Re1 b5 7.Bb3 d6 8.c3 O-O
9.h3 Bb7 10.d3 Na5 11.Bc2 c5 12.Nbd2 Re8 13.Nf1 Bf8 14.Ng3 g6 15.d4 cxd4
16.cxd4 exd4 17.Nxd4 d5 18.e5 Ne4 19.Bf4 Nc4 20.Nf3 Nxb2 21.Qd4 Nc4 22.Bxe4 dxe4
23.Nxe4 Qxd4 24.Nf6+ Kh8 25.Nxd4 Red8 26.Nb3 Bb4 27.Re2 Rd3 28.Rc1 Rad8 29.Kh2 Kg7
30.Ng4 h5 31.Ne3 Rc8 32.Rec2 Ba3 33.Re1 Be7 34.Rec1 Ba3 35.Rb1 Nxe3 36.Rxc8 Bxc8
37.Bxe3 Be6 38.Bg5 Kf8 39.Kg1 Ke8 40.Be3 Bc4 41.Bb6 Rd5 42.f4 g5 43.Be3 gxf4
44.Bxf4 Ke7 45.Kf2 Rd3 46.Bc1 Bxc1 47.Rxc1 Bxb3 48.axb3 Rxb3 49.Ra1 Rb4 50.Rxa6 Re4
51.Kf3 Rxe5 52.Kf4 Rd5 53.g4 hxg4 54.Kxg4 Rd6 55.Ra7+ Rd7 56.Ra3 b4 57.Rb3 Rb7
58.h4 Kf6 59.h5 Kg7 60.Kh4 Kh6 61.Kg4 Rb5 62.Rf3 f5+  0-1

[Event "FIDE World Cup Gp A"]
[Site "Hyderabad IND"]
[Date "2002.10.13"]
[Round "4"]
[White "Ye Jiangchuan"]
[Black "Vescovi,G"]
[Result "1-0"]
[WhiteElo "2667"]
[BlackElo "2614"]

1.e4 e5 2.Nf3 Nc6 3.Bb5 a6 4.Ba4 Nf6 5.O-O Be7 6.Re1 b5 7.Bb3 d6 8.c3 O-O
9.h3 Bb7 10.d4 Re8 11.Nbd2 Bf8 12.a4 h6 13.Bc2 exd4 14.cxd4 Nb4 15.Bb1 c5
16.d5 Nd7 17.Ra3 f5 18.Nh2 Nf6 19.Rg3 Qe7 20.Rf3 Bxd5 21.Rxf5 Bf7 22.Rf3 Nc6
23.Rfe3 g6 24.e5 dxe5 25.Rg3 Kh7 26.Ne4 Rad8 27.Qf3 Nxe4 28.Qxe4 Rd6 29.axb5 axb5
30.Nf3 Bd5 31.Qg4 e4 32.Bf4 Re6 33.Bxe4 Rxe4 34.Qxg6+ Kh8 35.Rxe4 Qxe4 36.Qf6+ Kh7
37.Bxh6 Bxh6 38.Ng5+ Bxg5 39.Qxg5  1-0

[Event "2nd Rohde Open"]
[Site "Sautron FRA"]
[Date "2002.10.30"]
[Round "5"]
[White "Colin,V"]
[Black "Bruned,Y"]
[Result "1/2-1/2"]
[WhiteElo "2341"]
[BlackElo "2130"]

1.e4 e5 2.Nf3 Nc6 3.Bb5 a6 4.Ba4 Nf6 5.O-O b5 6.Bb3 Be7 7.Re1 d6 8.c3 O-O
9.h3 Bb7 10.d4 h6 11.Nbd2 Re8 12.a4 Bf8 13.Bc2 exd4 14.cxd4 Nb4 15.Bb1 Qd7
16.d5 c6 17.dxc6 Qxc6 18.Ra3 Rad8 19.Nd4 Qb6 20.Nf5 d5 21.e5 Ne4 22.Nxe4 dxe4
23.Qg4 Qg6 24.Qxg6 fxg6 25.Nd6 Bxd6 26.exd6 Rxd6 27.axb5 axb5 28.Rb3 Rd4
29.Be3 Rc4 30.Bd2 Nc2 31.Rxb5 Bc6 32.Bxc2 Rxc2 33.Rb6 Rxd2 34.Rxc6 Rxb2 35.Rxg6 Rf8
36.Rxe4 Rbxf2 37.Re7 R2f7 38.Rxf7 Kxf7 39.Rg3 Ra8 40.Rf3+ Kg6 41.Rg3+ Kh7
42.Rf3 Ra6 43.Kh2 g5 44.g4 Kg6 45.Kg3 h5 46.gxh5+ Kxh5 47.Rb3 Ra1 48.Rc3  1/2-1/2

[Event "Olympiad"]
[Site "Bled SLO"]
[Date "2002.10.31"]
[Round "6"]
[White "Lutz,C"]
[Black "Kallio,H"]
[Result "1/2-1/2"]
[WhiteElo "2645"]
[BlackElo "2471"]

1.e4 e5 2.Nf3 Nc6 3.Bb5 a6 4.Ba4 Nf6 5.O-O Be7 6.Re1 b5 7.Bb3 d6 8.c3 O-O
9.h3 Bb7 10.d4 Re8 11.Nbd2 Bf8 12.d5 Na5 13.Bc2 c6 14.b4 Nc4 15.Nxc4 bxc4
16.dxc6 Bxc6 17.Bg5 Rc8 18.Ba4 Be7 19.Bxc6 Rxc6 20.a4 Nd7 21.Be3 Rc8 22.Qc2 Rb8
23.Reb1 Qc8 24.b5 Bd8 25.bxa6 Qxa6 26.Rxb8 Nxb8 27.Qd2 Ba5 28.Ne1 Nd7 29.Nc2 Nf6
30.f3 d5 31.exd5 Rd8 32.Nb4 Bxb4 33.cxb4 Nxd5 34.b5 Qc8 35.Rd1 c3 36.Qxd5 Rxd5
37.Rxd5 c2 38.Kh2 h5 39.b6 Kh7 40.Bc1 h4 41.Rb5 Qc3 42.b7 Qe1 43.b8=Q Qg3+  1/2-1/2

[Event "Olympiad w"]
[Site "Bled SLO"]
[Date "2002.11.08"]
[Round "13"]
[White "Hagarova,Z"]
[Black "Foisor,C"]
[Result "1/2-1/2"]
[WhiteElo "2333"]
[BlackElo "2408"]

1.e4 e5 2.Nf3 Nc6 3.Bb5 a6 4.Ba4 Nf6 5.O-O Be7 6.Re1 b5 7.Bb3 d6 8.c3 O-O
9.h3 Bb7 10.d4 Re8 11.Nbd2 Bf8 12.a4 h6 13.d5 Nb8 14.Qe2 Nbd7 15.axb5 axb5
16.Rxa8 Qxa8 17.Qxb5 Nc5 18.Bc2 Ba6 19.Qa5 Bd3 20.Qa6 Qa7 21.Qxa7 Rd8 22.Qa8 Rxa8
23.Bxd3 Nxd3 24.Rd1 Nc5 25.Ne1 Nfxe4 26.Nc4 f5 27.f3 Nf6 28.Be3 Nb3 29.Nc2 Be7
30.Nb4 Kf7 31.Na3 Ke8 32.Nb5 Kd7 33.Na7 f4 34.Bf2 e4 35.fxe4 Nxe4 36.Nac6 Nxf2
37.Kxf2 Bf6 38.Kf3 Re8 39.Kxf4 Re2 40.Nd3 Rxg2 41.Re1 Nc5 42.Ndb4 Be5+ 43.Nxe5+ dxe5+  1/2-1/2

[Event "WYb18"]
[Site "Heraklio GRE"]
[Date "2002.11.18"]
[Round "5"]
[White "L'Ami,E"]
[Black "Lopez Silva,H"]
[Result "1-0"]
[WhiteElo "2448"]
[BlackElo "2348"]

1.e4 e5 2.Nf3 Nc6 3.Bb5 a6 4.Ba4 Nf6 5.O-O b5 6.Bb3 Be7 7.Re1 d6 8.c3 O-O
9.h3 Bb7 10.d3 Na5 11.Bc2 c5 12.Nbd2 Re8 13.Nf1 Bf8 14.Bg5 h6 15.Bh4 g6 16.Ne3 Bg7
17.Nh2 Qd7 18.a4 Nh5 19.axb5 axb5 20.Nhg4 Kh8 21.Bb1 Rf8 22.Ba2 Nf4 23.Bf6 Rfe8
24.b4 cxb4 25.cxb4 Nc6 26.Nd5 Nxd5 27.Bxd5 Rxa1 28.Qxa1 Nxb4 29.Bxb7 Qxb7
30.Qc1 g5 31.Qd2 Nc6 32.h4 Qd7 33.f3 Qa7+ 34.Kh2 Qa5 35.Qc1 Nb4 36.Rd1 Qa2
37.hxg5 Qc2 38.gxh6  1-0

[Event "WYb18"]
[Site "Heraklio GRE"]
[Date "2002.11.23"]
[Round "10"]
[White "Zhigalko,A"]
[Black "Lopez Silva,H"]
[Result "1-0"]
[WhiteElo "2446"]
[BlackElo "2348"]

1.e4 e5 2.Nf3 Nc6 3.Bb5 a6 4.Ba4 Nf6 5.O-O b5 6.Bb3 Be7 7.Re1 d6 8.c3 O-O
9.h3 Bb7 10.d4 Re8 11.Nbd2 Bf8 12.d5 Nb8 13.Nf1 Nbd7 14.N3h2 c6 15.dxc6 Bxc6
16.Bg5 h6 17.Bxf6 Nxf6 18.Ng4 Nh7 19.Qd3 Ng5 20.Bd5 Bxd5 21.Qxd5 Ne6 22.Nge3 Nf4
23.Qd1 Rb8 24.Nd5 Ne6 25.Qf3 Qc8 26.Rad1 Rb7 27.h4 a5 28.a3 Nc5 29.Nfe3 Na6
30.b4 Nb8 31.Rd3 Re6 32.Qg4 Qd8 33.Nf5 Nd7 34.Rg3 Rg6 35.Qh3 Rxg3 36.Qxg3 Kh7
37.h5 axb4 38.axb4 Ra7 39.Rd1 Ra2 40.Nde7 Ra6 41.Nd5 Ra2 42.Rd3 Qb8 43.Rf3  1-0

[Event "74th ch-GER"]
[Site "Saarbruecken GER"]
[Date "2002.11.24"]
[Round "3"]
[White "Luther,T"]
[Black "Schunk,E"]
[Result "1-0"]
[WhiteElo "2538"]
[BlackElo "2297"]

1.e4 e5 2.Nf3 Nc6 3.Bb5 a6 4.Ba4 Nf6 5.O-O Be7 6.Re1 b5 7.Bb3 d6 8.c3 O-O
9.h3 Bb7 10.d4 Re8 11.Nbd2 Bf8 12.Bc2 h6 13.b3 Nb8 14.a4 Nbd7 15.Bd3 bxa4
16.Rxa4 exd4 17.cxd4 d5 18.e5 Ne4 19.Qc2 f5 20.exf6 Ndxf6 21.Ne5 c5 22.Nxe4 Nxe4
23.Ng6 cxd4 24.Nxf8 Rxf8 25.f3 Qh4 26.Rf1 Rac8 27.Qb2 Nc3 28.Rb4 Rc7 29.Rb6 Rf6
30.Rxf6 Qxf6 31.Qf2 Bc6 32.Bxa6 Bb5 33.Bxb5 Nxb5 34.Bb2 Qg6 35.Rc1 Rxc1+
36.Bxc1 Qd3 37.b4 Nc3 38.Kh2 Qc4 39.Bf4 Qxb4 40.Be5 Nb5 41.Qa2 Qc5 42.Qa8+ Kf7
43.Qb7+ Ke6 44.Qxg7 d3 45.Qf6+ Kd7 46.Qf5+ Kc6 47.Qxd3 d4 48.Qg6+ Kd5 49.Bf4 Kc4
50.Qxh6 d3 51.Qe6+ Kc3 52.Qa2 Kd4 53.Qf2+ Kc4 54.Qxc5+ Kxc5 55.h4 Kd5 56.h5 Ke6
57.Kg1 Nd6 58.Kf2 Nc4 59.g4 Kf6 60.Be3 Kg7 61.Bd4+ Kh6 62.Bc3 Kh7 63.g5 Nb6
64.Ke3 Nd5+ 65.Kd4 Nf4 66.g6+ Kg8 67.Ke3 Nxh5 68.Be5 Ng7 69.Bxg7 d2 70.Kxd2 Kxg7
71.Ke3 Kxg6 72.Ke4 Kf6 73.Kf4 Kf7 74.Kf5 Kg7 75.Ke6 Kf8 76.Kf6 Ke8 77.f4 Kf8
78.f5 Ke8 79.Kg7  1-0

[Event "74th ch-GER"]
[Site "Saarbruecken GER"]
[Date "2002.11.26"]
[Round "5"]
[White "Baramidze,D"]
[Black "Schunk,E"]
[Result "1-0"]
[WhiteElo "2390"]
[BlackElo "2297"]

1.e4 e5 2.Nf3 Nc6 3.Bb5 a6 4.Ba4 Nf6 5.O-O Be7 6.Re1 b5 7.Bb3 d6 8.c3 O-O
9.h3 Bb7 10.d4 Re8 11.Nbd2 Bf8 12.Bc2 g6 13.d5 Nb8 14.b3 c6 15.c4 Qc7 16.Nf1 cxd5
17.cxd5 Rc8 18.Ne3 Bh6 19.Re2 Nbd7 20.Bd2 Bg7 21.Qb1 Nh5 22.Qf1 Qb6 23.Ree1 a5
24.Rec1 Ba6 25.b4 axb4 26.Rcb1 Nc5 27.Rxb4 Qa7 28.g3 Qd7 29.Kh2 Rc7 30.Ne1 Rca7
31.Rc1 Bc8 32.Bb1 Ra4 33.Nf3 Nf6 34.Nxe5 Qe8 35.Nc6 Nfxe4 36.Be1 Ra3 37.Nc2 R3a4
38.N2d4 Ng5 39.h4 Nge4 40.Nxb5 Rxb4 41.Bxb4 Qd7 42.Nxd6 Nxd6 43.Bxc5 Bb7
44.Qd3 Nf5 45.Qf3 Kh8 46.Re1 Rc8 47.Bxf5 Qxf5 48.Qxf5 gxf5 49.Re7 Bxc6 50.dxc6 Bf6
51.Rxf7 Rxc6 52.Rxf6 Rxc5 53.Rf7 Ra5 54.Kg2 Kg8 55.Rb7 h6 56.Rb2 Kg7 57.Kf3 Kg6
58.Kf4 Ra4+ 59.Ke5 Ra5+ 60.Kd6 Ra6+ 61.Kc5 Ra8 62.Rd2 Kh5 63.Kb5 Rb8+ 64.Kc6 Ra8
65.Kb5 Rb8+ 66.Kc4 Rc8+ 67.Kb3 Rb8+ 68.Kc2 Ra8 69.Kb2 Rb8+ 70.Kc2 Ra8 71.Kb1 Ra4
72.Kb2 Ra8 73.Rd4 Re8 74.Rf4 Kg6 75.a4 Rb8+ 76.Kc3 Ra8 77.Kb4 Rb8+ 78.Kc5 Ra8
79.Kb5 Rb8+ 80.Kc6 Ra8 81.Kb7 Ra5 82.Kb6 Re5 83.a5 Re6+ 84.Kc7 Re7+ 85.Kd6 Re2
86.Ra4 Rxf2 87.a6 Rd2+ 88.Kc6 Rc2+ 89.Kb5 Rb2+ 90.Rb4 Ra2 91.Kb6 Ra3 92.a7 f4
93.Rxf4 Ra2 94.Rb4  1-0